| 000 | 00621 a2200193 4500 | ||
|---|---|---|---|
| 010 | _aENG-85675 | ||
| 020 | _c225.00 | ||
| 035 | _aEN-69208 | ||
| 037 | _bD.B.Act / Pub | ||
| 082 | 1 | 4 | _aN |
| 090 |
_c3422 _d3422 |
||
| 100 | 1 | _aRamoowalia, Iqbal | |
| 245 | 1 |
_aThe midair frown _cby Iqbal Ramoowalia |
|
| 260 |
_aChandigarh _bUnistar Books _c2006 |
||
| 270 |
_aS.C.O. 26-27, Sector 34 A, _bChandigarh _e160 022 _k0172-5077427, 5077428 _minfo@unistarbooks.com |
||
| 300 |
_a308 p. _c22 cm ( Pbk.) |
||
| 942 |
_adpl _cEN _kN / RAM |
||
| 999 |
_c3355 _d3355 |
||